000 00204nam a22000857a 4500
008 160701b xxu||||| |||| 00| 0 eng d
100 _91656
_a Gupta, P
245 _aFive ou of one Pod
260 _aN.D
_bM/S Arya
999 _c1374
_d1374